Literary Best Friends II Quiz Stats

 Plays Quiz Updated Jul 22, 2015

Score 0/15 Timer 06:00
1 Play Today
% Correct
Sherlock Holmes
96.2%
Peter Pan
91.7%
D'Artagnan
87.5%
Jay Gatsby
86.3%
Achilles
82.7%
Calvin
78.6%
George Milton
71.4%
Ishmael
70.8%
% Correct
Amir
68.7%
Hercule Poirot
64.2%
Rosalind
62.5%
Heidi
51.3%
Tintin
47.1%
Percy Jackson
43.8%
Celie Johnson
40.5%

You're not logged in!

Compare scores with friends on all Sporcle quizzes.
OR
Log In

Sporcle TV

Today on Sporcle TV


Watch our educational content, quiz creation guides, and fun videos on Sporcle TV.

Show Comments

Extras

Top Quizzes Today


Score Distribution

Your Account Isn't Verified!

In order to create a playlist on Sporcle, you need to verify the email address you used during registration. Go to your Sporcle Settings to finish the process.

Report this User

Report this user for behavior that violates our Community Guidelines.

Details: